000 00831nam a2200217 a 4500
001 38758
003 BD-RjUL
005 20211209052844.0
008 160220s2007 bg ||||| |||| 00| 0 ben d
035 _a(BD-RjUL)38867
040 _aBD-RjUL
_bben
_cBD-RjUL
_dBD-RjUL
041 _aben
082 _a507
_bPAB 2007
100 _aপাল, নিশীথ কুমার
_9119563
245 _aবিজ্ঞান ও প্রযুক্তি ভাবনা /
_cনিশীথ কুমার পাল
260 _aরাজশাহী :
_bআলীগড় লাইব্রেরী,
_c২০০৭
300 _a৩৫৭ পৃ. ;
_c২২ সেমি.
650 _aবিজ্ঞান
_vঅধ্যয়ন ও শিক্ষণ
_9119564
650 _aScience
_vStudy and teaching.
_9119565
942 _2ddc
_cBK
999 _c38758
_d38758